Stav, vývoj a trendy v nepotravinárskom sektore na maloobchodnom trhu na Slovensku diplomová práca

Gespeichert in:
Bibliographische Detailangaben
1. Verfasser: Križovenská, Jana
Körperschaft: Obchodná fakulta EU. Katedra marketingu
Weitere Verfasser: Rehák, Róbert, 1984-
Format: Buch
Sprache:Slowakisch
Veröffentlicht: Bratislava 2015
Tags: Tag hinzufügen
Keine Tags, Fügen Sie das erste Tag hinzu!

MARC

LEADER 00000nbm a2200000 4500
001 0201418
005 20161212103640.5
041 0 |a slo 
044 |a SK 
245 1 0 |a Stav, vývoj a trendy v nepotravinárskom sektore na maloobchodnom trhu na Slovensku  |b diplomová práca  |c Jana Križovenská ; školiteľ: Róbert Rehák 
264 1 |a Bratislava  |c 2015 
300 |a 76 s. 
100 1 |a Križovenská, Jana 
700 1 |a Rehák, Róbert, 1984- 
710 2 |a Obchodná fakulta EU. Katedra marketingu